Sports Quiz

Random Sports or German Quiz

German(Bundesliga) Football Club Logos Quiz Stats

 Plays Quiz not verified by Sporcle

Score 0/18 Timer 10:00
0 Plays Today
Number Club % Correct
1Hamburger SV
92%
6Borussia Dortmund
88.4%
3Hannover 96
86.6%
7Bayern Munich
83.4%
2Werder Bremen
79.5%
13Schalke 04
76.4%
51. FSV Mainz 05
75.9%
14Bayer Leverkusen
74.1%
8VfB Stuttgart
74%
Number Club % Correct
15VfL Wolfsburg
70.4%
161899 Hoffenheim
69.8%
18Hertha BSC
67.4%
10Freiburg
63%
9Augsburg
61%
171. FC Köln
59.7%
11Borussia Monchengladbach
58.1%
121. FC Nuremberg
49.7%
41. Kaiserslautern
37%

You're not logged in!

Compare scores with friends on all Sporcle quizzes.
OR
Log In

Sporcle TV

Today on Sporcle TV


Watch our educational content, quiz creation guides, and fun videos on Sporcle TV.

Show Comments

Extras

Top Quizzes Today


Score Distribution

Your Account Isn't Verified!

In order to create a playlist on Sporcle, you need to verify the email address you used during registration. Go to your Sporcle Settings to finish the process.

Report this User

Report this user for behavior that violates our Community Guidelines.

Details: